Регионална библиотека "Любен Каравелов" - Русе

Буквар с различни поучения (Запис номер 126578)

MARC детайли
000 -Лидер
Контролно поле с фиксирана дължина 02592nam a2200481 a 4500
003 - Код на организацията, давaща контролен номер
Контролно поле BLK
005 - Дата и час на последна редакция
Контролно поле 20250605174547.0
008 - Елементи от данни с фиксирана дължина
fixed length control field 180409b bul|||||r ||||||| ||bul||
010 ## - Наследен системен номер
LC control number KNG00132266000
040 ## - Източник на каталожния запис
Идентификатор на билиотеката - собственик на записа BLK
041 ## - Код за език
Код за езика на текст/звукозапис или на отделно заглавие Български
Код за езика КДБФ Български
080 ## - УДК
Текстов определител УДК Основно образование
УДК код - определител по УДК 372.4
УДК определител (091)(075)
УДК - код + определител 372.4(091)(075)
080 ## - УДК
Текстов определител УДК Традиционни, основни учебни средства и помагала - Литература върху учебници, учебни помагала, списания, вестници, картини и др.
УДК код - определител по УДК 371.67
УДК определител (497.2)(091)
УДК - код + определител 371.67(497.2)(091)
080 ## - УДК
Текстов определител УДК Организация на възпитанието и образованието. Училищно дело.
УДК код - определител по УДК 37.09
УДК определител (497.2)(091)
УДК - код + определител 37.09(497.2)(091)
100 1# - Редна дума - Автор
Автор Берон, Петър
Авторска отговорност първи автор
Автор - информация (биография) Атанасов, Петър Хаджиберович
R(LIN) 280176
139 ## - Редно поле
Редна дума Берон, Петър
Авторски знак Беро - Б 40
245 10 - Сведения за заглавието
Заглавие Буквар с различни поучения
Подзаглавни данни Рибен буквар
Редно поле (дума) Петър Берон; стъкмил Стойко Иванов Стойков; * Петър Хаджиберович Атанасов.
250 ## - Област на изданието
Сведения за изданието Фототип. изд.
257 ## - Страна на издаване
Страна на създаване/издаване България
260 ## - Област на издателските данни
Име на издателя, разпространителя и проч. Нар. просв.
Година на издаване 1964
Място на издаване, разпространение и проч. София
300 ## - Физическа характеристика
Страници 164 с., 4 л. ил., табл.
Размери/Мащаб 25 см
380 ## - Жанр
Жанр Обществени науки
500 ## - Общи забележки
Забележка Истинското име на Петър Берон е Петър Хаджиберович Атанасов. - 5 179 тир. - Библиогр. с. 161-164. Юбил. изд. по случай 140 г. от 1. изд. на буквара.
650 #4 - Допълнително описание по предмет – тема
Основно описание – тема или топоним Учебници и учебни помагала, български - през Възраждането
9 (RLIN) 253672
650 #4 - Допълнително описание по предмет – тема
Основно описание – тема или топоним Буквари
9 (RLIN) 149273
650 #4 - Допълнително описание по предмет – тема
Основно описание – тема или топоним Образование и просвета - България - история
9 (RLIN) 244253
651 #4 - Допълнително описание по предмет - топоним
Географско понятие България
9 (RLIN) 241624
653 ## - Ключова дума – ненормативна
Ключова дума образование
653 ## - Ключова дума – ненормативна
Ключова дума учебници
653 ## - Ключова дума – ненормативна
Ключова дума Възраждане
653 ## - Ключова дума – ненормативна
Ключова дума българска история
653 ## - Ключова дума – ненормативна
Ключова дума Рибен буквар
653 ## - Ключова дума – ненормативна
Ключова дума буквари
700 1# - Други автори (авторска отговорност)
Лично име Стойков, Стойко Иванов
Автороска отговорност (Описва отношението между автора и произведението) стъкмил
9 (RLIN) 363446
700 1# - Други автори (авторска отговорност)
Лично име Атанасов, Петър Хаджиберович
Автороска отговорност (Описва отношението между автора и произведението) *
9 (RLIN) 305408
852 ## - Местоположение
Форматна сигнатура Цб 30194
Фондова буква Хранилище
856 4# - Електронен адрес и достъп
Електронен формат pdf - файл
856 4# - Електронен адрес и достъп
Електронен формат pdf - файл
999 ## - СИСТЕМНИ КОНТРОЛНИ НОМЕРА
Koha biblionumber 126578
Koha biblioitemnumber 126578
942 ## - АРТИКУЛИ
Вид на библиотечния материал Книги
Скрит в OPAC Не
Koha issues (borrowed), all copies 18
Периодичен библиозапис Да
944 ## - СЪЗДАВАНЕ И РЕДАКЦИЯ на ЗАПИСА
Създаване/Редакция Създаване
Дата на регистрацията/редакция 19.07.2012
Статус, дата на статуса Бояна Костадинова
Служител, извършил регистрацията/редакцията 30551
944 ## - СЪЗДАВАНЕ И РЕДАКЦИЯ на ЗАПИСА
Създаване/Редакция Редакция
Дата на регистрацията/редакция 25.08.2012
Статус, дата на статуса 19.07.2012 - от С1,Р / 19.07.2012
999 ## - СИСТЕМНИ КОНТРОЛНИ НОМЕРА
Koha biblioitemnumber 126578
Наличности
Код за отписване Код за изгубен артикул Източник на класификационната схема Код за повреда Коз за рестрикции Код за отдаване Артикулен № Име на библиотеката - собственик Име на библиотеката, в която се намира в момента Статус (Текущо местоположение) Дата на вписване в системата Местоположение - отдел Цена в лева Инвентарен номер Систематично азбучна сигнатура Баркод Номер на екземпляра Цена в евро Служебна бележка Служебен тип на артикула
  Не е изгубен Universal Decimal Classification Не е повреден само за читалня ползва се в читалня 205875 Регионална библиотека "Любен Каравелов" Русе Регионална библиотека "Любен Каравелов" Русе Хранилище 1964-01-01 Хранилище 0.63 10534/64 Цб 30194 900000092590 1 0.32 N: стар фонд Дата: 01.01.1964 Книги
Изтеглен Не е изгубен Universal Decimal Classification Не е повреден без рестрикции заемане за дома 205876 Регионална библиотека "Любен Каравелов" Русе Регионална библиотека "Любен Каравелов" Русе Заемна - подръчен фонд 1964-01-01 Заемна - подръчен фонд 0.63 7745/64 П 372.4(07)/Б 40 7745/64 2 0.32 N: стар фонд Дата: 01.01.1964 Книги
Изтеглен Не е изгубен Universal Decimal Classification Не е повреден без рестрикции заемане за дома 205877 Регионална библиотека "Любен Каравелов" Русе Регионална библиотека "Любен Каравелов" Русе Заемна - подръчен фонд 1964-01-01 Заемна - подръчен фонд 0.00 7746/64 П 372.4(07)/Б 40 7746/64 3 0.00 N: стар фонд Дата: 01.01.1964 Книги
  Не е изгубен Universal Decimal Classification Не е повреден без рестрикции заемане за дома 205878 Регионална библиотека "Любен Каравелов" Русе Регионална библиотека "Любен Каравелов" Русе Детски отдел 1964-01-01 Детски отдел 0.63 7529/64 ДН 37/Б 40 900000090331 4 0.32 N: стар фонд Дата: 01.01.1964 Дата инв: 21.08.2015 Бележки инв: Д2015 Книги
Vip Innovations Ltd, Rousse, Bulgaria 2025